000
00354pab a2200157 454500
008
180718b2015 xxu||||| |||| 00| 0 eng d
100
_a
Rao, P.S.N.
245
_a
Smart housing for smart cities
260
_c
2015
300
_a
p.25-28.
362
_a
Sep
650
_a
Urban development
650
_a
Housing
773
_a
Yojana
909
_a
109384
999
_c
109379
_d
109379